00715nam a2200193Ia 4500008004100000020001800041082001700059100001800076245013800094250000800232260003400240300003000274500001900304600002700323650001500350942000700365952013200372999001700504240925s9999 xx 000 0 und d a9789694073873 a621.3822 HAS aHasnain , S.K 0aDigital Signal Processing: computer laboratory practical work book using DSP toolbox & blocksets in Matlab including TI TMS C6713 DSK a3rd aKarachi:bRoyal Booksc,2011. axii,899l.p.bN.AfPirated aIncludes Index aElectronic Engineering aTechnology cBK 001040708ELaUITUbUITUd2011-03-15eRoyal Book Companyg600.00l0o621.3822 HASpQ8721r2024-09-25 07:15:04w2024-09-25yBK c11220d11220